Inmunología. (Registro nro. 597)
[ vista simple ]
| 000 -LEADER | |
|---|---|
| fixed length control field | 01641 am a2200457 a 4500 |
| 005 - FECHA ULTIMA MODIFICACION | |
| control field | 20240605120548.0 |
| 008 - CAMPO DE CONTROL (LIBRO) | |
| fixed length control field | 100810s2003||||ag a f |||| 001 0 spa d |
| 020 ## - INTERNATIONAL STANDARD BOOK NUMBER | |
| ISBN | 9500618699 |
| 041 ## - CODIGO DE IDIOMA | |
| Código de idioma del texto/pista de sonido o título separado | spa |
| 092 ## - SIGNATURA TOPOGRAFICA DEWEY LOCAL | |
| número de clasificación | 616.079 |
| libristica | 75 |
| sección | ROI |
| 100 1# - ENTRADA PRINCIPAL--NOMBRE PERSONAL | |
| Nombre personal | Roitt, Iván M. |
| 9 (RLIN) | 824 |
| 245 ## - TITULO PROPIAMENTE DICHO | |
| Título | Inmunología. |
| Subtítulo y Título paralelo | Fundamentos / |
| Mención de responsabilidad y remanente de la transcripción de la portada | Iván M. Roitt |
| 250 ## - MENCION DE EDICION | |
| Mención de edición | 10a ed. |
| Mención de responsabilidad relacionada con la ed. | Traducción Stella Maris Gil ; Diana Klajn ; Karen Mikkelsen y Silvia Rondinone. |
| 260 ## - PIE DE IMPRENTA | |
| Lugar de publicación, distribución, etc | Buenos Aires: |
| Nombre de la editorial, distribuidor, etc | Editorial Médica Panamericana; |
| Fecha de publicación | 2003. |
| 300 ## - DESCRIPCION FISICA | |
| Extension | 559 p. |
| Otros detalles físicos | il. |
| 500 ## - NOTA GENERAL | |
| Nota general | Roitt, I. M. y Delves, P. J. (2003). Inmunología. Fundamentos. (10a ed.). Buenos Aires : Editorial Médica Panamericana. |
| 653 ## - TÉRMINO INDIZADO - PALABRAS CLAVES | |
| Palabra clave | Inmunidad innata |
| 653 ## - TÉRMINO INDIZADO - PALABRAS CLAVES | |
| Palabra clave | Inmunidad adquirida específica |
| 653 ## - TÉRMINO INDIZADO - PALABRAS CLAVES | |
| Palabra clave | Anticuerpos |
| 653 ## - TÉRMINO INDIZADO - PALABRAS CLAVES | |
| Palabra clave | Receptores de membrana para el antígeno |
| 653 ## - TÉRMINO INDIZADO - PALABRAS CLAVES | |
| Palabra clave | Interacción primaria con el antígeno |
| 653 ## - TÉRMINO INDIZADO - PALABRAS CLAVES | |
| Palabra clave | Técnicas inmunoquímicas |
| 653 ## - TÉRMINO INDIZADO - PALABRAS CLAVES | |
| Palabra clave | Técnicas celulares |
| 653 ## - TÉRMINO INDIZADO - PALABRAS CLAVES | |
| Palabra clave | Anatomía de la respuesta inmune |
| 653 ## - TÉRMINO INDIZADO - PALABRAS CLAVES | |
| Palabra clave | Activación de los linfocitos |
| 653 ## - TÉRMINO INDIZADO - PALABRAS CLAVES | |
| Palabra clave | Producción de efectores |
| 653 ## - TÉRMINO INDIZADO - PALABRAS CLAVES | |
| Palabra clave | Mecanismos de control |
| 653 ## - TÉRMINO INDIZADO - PALABRAS CLAVES | |
| Palabra clave | Ontogenia y filogenia |
| 653 ## - TÉRMINO INDIZADO - PALABRAS CLAVES | |
| Palabra clave | Estrategías de los adversarios durante la infección |
| 653 ## - TÉRMINO INDIZADO - PALABRAS CLAVES | |
| Palabra clave | Profilaxis |
| 653 ## - TÉRMINO INDIZADO - PALABRAS CLAVES | |
| Palabra clave | Inmunodeficiencia |
| 653 ## - TÉRMINO INDIZADO - PALABRAS CLAVES | |
| Palabra clave | Hipersensibilidad |
| 653 ## - TÉRMINO INDIZADO - PALABRAS CLAVES | |
| Palabra clave | Trasplante |
| 653 ## - TÉRMINO INDIZADO - PALABRAS CLAVES | |
| Palabra clave | Inmunología tumoral |
| 653 ## - TÉRMINO INDIZADO - PALABRAS CLAVES | |
| Palabra clave | Enfermedades autoinmunes. Alcance y etiología |
| 653 ## - TÉRMINO INDIZADO - PALABRAS CLAVES | |
| Palabra clave | Enfermedades autoinmunes. Patogenia, diagnóstico y tratamiento |
| 700 1# - ENTRADAS SECUNDARIAS - NOMBRE PERSONAL | |
| Nombre personal | Delves, Peter J. |
| 9 (RLIN) | 825 |
| 930 ## - NUMERO DE INVENTARIO | |
| Número de inventario | 920 |
| 930 ## - NUMERO DE INVENTARIO | |
| Número de inventario | 1007 |
| 942 ## - ADDED ENTRY ELEMENTS (KOHA) | |
| Source of classification or shelving scheme | Dewey Decimal Classification |
| Item type | Libros |
| Estado de retiro | Existencia | Fuente de clasificación | Estado general | No para prestamo | Colección | Ubicación permanente | ubicación actual | Sala de ubicación | Fecha de adquisición | Total Checkouts | Total Renewals | Número de clasificación | Código de barras | Date last seen | Date last borrowed | Número de ejemplar | Price effective from | Koha tipo de elemento (item) | Public note |
|---|---|---|---|---|---|---|---|---|---|---|---|---|---|---|---|---|---|---|---|
| Dewey Decimal Classification | Reference | Biblioteca Medicina | Biblioteca Medicina | Referencia | 13/05/2011 | 5 | 1 | 616.079 75 ROI | 920 | 28/03/2016 | 23/03/2016 | ej.1 | 16/08/2011 | Reference | LIBRO DE CONSULTA | ||||
| Biblioteca Medicina | Biblioteca Medicina | Circulación | 13/05/2011 | 28 | 1 | 616.079 75 ROI | 1007 | 18/03/2024 | 12/03/2024 | ej.2 | 13/05/2011 | Libros |